| 000 | 00576nam a2200157Ia 4500 | ||
|---|---|---|---|
| 999 |
_c15067 _d15067 |
||
| 082 | _aTS.0463 | ||
| 100 | _aSomwanshi, Surybhan Apparao | ||
| 245 | 0 | _aImpact of drought on co-operative agricultural credit in Aurangabad district | |
| 260 |
_c1979 _bMarathwada University |
||
| 300 | _a890p. + C D - 55 | ||
| 650 | _aDROUGHTS - MAHARASHTRA - AURANGABAD DISTRICT | ||
| 650 | _aAGRICULTURAL COOPERATIVE CREDIT ASSOCIATIONS - MAHARASHTRA - AURANGABAD DISTRICT | ||
| 650 | _aAGRICULTURAL CREDIT - MAHARASHTRA - AURANGABAD DISTRICT | ||
| 710 | _aBorkar, V.V. | ||
| 942 |
_cTH _2ddc |
||